[Event "Pardubice rapid op 34th"]
[Site "Pardubice"]
[Date "2023.07.19"]
[Round "3"]
[White "Percivaldi, Martin"]
[Black "Sherman, Reem"]
[Result "1-0"]
[WhiteElo "2407"]
[BlackElo "2216"]
[PlyCount "81"]
[EventDate "2023.07.19"]
[EventType "swiss (rapid)"]
[EventRounds "9"]
[EventCountry "CZE"]
[SourceTitle "CBM 215 Extra"]
[Source "ChessBase"]
[SourceDate "2023.09.30"]
[SourceVersion "1"]
[SourceVersionDate "2023.09.30"]
[SourceQuality "1"]

1. d4 Nf6 2. c4 e6 3. Nf3 d5 4. g3 Be7 5. Bg2 0-0 6. 0-0 dxc4 7. Qc2 b5 8. a4 b4 9. Nfd2 Nd5 10. Nxc4 c5 11. dxc5 Ba6 12. Nbd2 Bxc5 13. Ne4 Nd7 14. Nxc5 Nxc5 15. Ne3 Rc8 16. Nxd5 exd5 17. Be3 d4 18. Rfd1 Ne6 19. Qe4 Bxe2 20. Rd2 d3 21. Bxa7 Qc7 22. Be3 b3 23. Bf1 Qa5 24. Bxe2 dxe2 25. Rxe2 Qa6 26. Rd2 h6 27. a5 Rfd8 28. Rxd8+ Rxd8 29. Qb4 Qe2 30. Qxb3 Rd3 31. Qb7 Ng5 32. Bxg5 hxg5 33. a6 Rd2 34. Rf1 Qe8 35. a7 Rd8 36. Ra1 Ra8 37. b4 Kh7 38. b5 g4 39. b6 g6 40. Qd5 Rd8 41. Qxd8 1-0